[Event "33 Open Andorra Hotel St.Gothard "]
[Site "Erts-La Massana"]
[Date "2015.07.25"]
[Round "8.5"]
[White "Demuth, Adrien"]
[Black "Asis Gargatagli, Hipolito"]
[Result "1-0"]
[WhiteElo "2531"]
[BlackElo "2472"]
[PlyCount "79"]
[EventDate "2015.??.??"]

1. d4 Nf6 2. c4 g6 3. Nc3 d5 4. Nf3 Bg7 5. Qb3 dxc4 6. Qxc4 O-O 7. e4 Na6 8.
Be2 c5 9. d5 e6 10. O-O exd5 11. exd5 Bf5 12. Rd1 Qb6 13. h3 Rfe8 14. g4 Bd7
15. a3 Qd8 16. d6 Bc6 17. Qf4 Ne4 18. Bc4 Qf6 19. Nxe4 Rxe4 20. Qxf6 Bxf6 21.
Bd5 Bxd5 22. Rxd5 Rd8 23. Bg5 Bxg5 24. Nxg5 Rd4 25. Rd1 Rxd1+ 26. Rxd1 Nb8 27.
Ne4 Nd7 28. g5 b6 29. b4 Kg7 30. Kg2 h6 31. h4 Rc8 32. bxc5 Nxc5 33. Nxc5 bxc5
34. gxh6+ Kxh6 35. Kf3 g5 36. hxg5+ Kxg5 37. Ke4 Kf6 38. Kd5 c4 39. d7 Rd8 40.
Ke4 1-0

[Event "33 Open Andorra Hotel St.Gothard "]
[Site "Erts-La Massana"]
[Date "2015.07.25"]
[Round "8.6"]
[White "Trepat Herranz, Joan"]
[Black "Kogan, Artur"]
[Result "0-1"]
[WhiteElo "2351"]
[BlackElo "2526"]
[PlyCount "110"]
[EventDate "2015.??.??"]

1. d4 Nf6 2. Bg5 Ne4 3. Bf4 d5 4. e3 g6 5. Bd3 Nd6 6. Nf3 Bg7 7. O-O Nd7 8.
Nbd2 Nf6 9. Be5 Bf5 10. Bxf5 gxf5 11. c4 dxc4 12. Nxc4 O-O 13. Qc2 e6 14. Rac1
Nd5 15. Bxg7 Kxg7 16. Qe2 Kh8 17. Nfe5 Qh4 18. Qf3 Ne4 19. Rfd1 f6 20. Nd3 Rg8
21. g3 Rg6 22. Nf4 Nxf4 23. exf4 Rag8 24. Ne3 c6 25. b4 Qh3 26. a4 a6 27. b5
axb5 28. axb5 cxb5 29. d5 exd5 30. Rxd5 b4 31. Rxf5 Nc3 32. Re1 b3 33. Qxb7 Rh6
34. Qg2 Qxg2+ 35. Kxg2 b2 36. Rc5 b1=Q 37. Rxb1 Nxb1 38. f5 Nd2 39. h3 Rh5 40.
Rd5 Ne4 41. Rd4 Re8 42. h4 Nc5 43. Kf3 Rxe3+ 44. Kxe3 Rxf5 45. f4 h5 46. Kf3
Kg7 47. g4 hxg4+ 48. Kxg4 Kg6 49. Rd6 Ne4 50. Rd4 Nc3 51. Rd6 Nd5 52. h5+ Rxh5
53. Ra6 Ne3+ 54. Kf3 Nf5 55. Kf2 Rh3 0-1

[Event "33 Open Andorra Hotel St.Gothard "]
[Site "Erts-La Massana"]
[Date "2015.07.25"]
[Round "8.7"]
[White "Abergel, Thal"]
[Black "Jolly, Jean-Francois"]
[Result "1-0"]
[WhiteElo "2440"]
[BlackElo "2345"]
[PlyCount "159"]
[EventDate "2015.??.??"]

1. e4 e5 2. Nf3 Nc6 3. Bc4 Nf6 4. d4 exd4 5. e5 d5 6. Bb5 Ne4 7. Nxd4 Bd7 8.
Bxc6 bxc6 9. O-O Bc5 10. f3 Ng5 11. Be3 Bb6 12. f4 Ne4 13. Nc3 c5 14. Nb3 c4
15. Nd4 Nxc3 16. bxc3 c5 17. Ne2 Bg4 18. h3 Bxe2 19. Qxe2 d4 20. Rad1 Qd5 21.
Kh1 Qe4 22. cxd4 cxd4 23. Qxc4 O-O 24. Bxd4 Rfc8 25. Qd3 Qxd3 26. Rxd3 Rxc2 27.
a3 g6 28. Rfd1 h5 29. h4 Rd8 30. Bxb6 Rxd3 31. Rxd3 axb6 32. Kh2 Rb2 33. Kh3 b5
34. g4 hxg4+ 35. Kxg4 b4 36. axb4 Rxb4 37. h5 gxh5+ 38. Kg5 Rb5 39. Kxh5 Kg7
40. Rg3+ Kf8 41. Kg5 Ke7 42. Kf5 Ra5 43. Rb3 Ra6 44. Rb7+ Kf8 45. Rd7 Kg7 46.
Ke4 Ra1 47. Rd3 Ra4+ 48. Rd4 Ra1 49. f5 Ra2 50. Rc4 Ra1 51. Rc2 Re1+ 52. Kf4
Rf1+ 53. Kg4 Re1 54. Kf4 Rf1+ 55. Ke4 Re1+ 56. Kd4 Rd1+ 57. Ke3 Re1+ 58. Re2
Ra1 59. Kf4 Rf1+ 60. Ke4 Rg1 61. Re3 Ra1 62. Kf4 Rb1 63. Rc3 Rf1+ 64. Rf3 Ra1
65. Rg3+ Kf8 66. Rb3 Rf1+ 67. Kg5 Kg7 68. f6+ Kh7 69. Rb4 Rf2 70. Rb7 Rg2+ 71.
Kh5 Rh2+ 72. Kg5 Rg2+ 73. Kf5 Rf2+ 74. Ke4 Kg6 75. Rb3 Rg2 76. Rf3 Rg1 77. Kd5
Kh7 78. Kd6 Kg8 79. Ke7 Rg5 80. e6 1-0

[Event "33 Open Andorra Hotel St.Gothard "]
[Site "Erts-La Massana"]
[Date "2015.07.25"]
[Round "8.8"]
[White "Tkachiev, Vladislav"]
[Black "Barbot, Pierre"]
[Result "1-0"]
[WhiteElo "2661"]
[BlackElo "2445"]
[PlyCount "91"]
[EventDate "2015.??.??"]

1. d4 Nf6 2. c4 e6 3. Nf3 Bb4+ 4. Bd2 Qe7 5. g3 O-O 6. Bg2 Bxd2+ 7. Qxd2 d6 8.
Nc3 Nbd7 9. O-O e5 10. Rad1 c6 11. e4 Nb6 12. b3 Bg4 13. h3 Bxf3 14. Bxf3 Nbd7
15. Bg2 Rfd8 16. Qe3 Nf8 17. d5 c5 18. f4 exf4 19. gxf4 Ng6 20. Rde1 Re8 21.
Qg3 Nh5 22. Qg4 Nf6 23. Qf3 a6 24. Re2 Nd7 25. Qg3 Qh4 26. Kh2 Qh6 27. Ref2
Rab8 28. Nd1 Nh4 29. Ne3 Kh8 30. e5 f5 31. e6 Nf8 32. Qg5 Nfg6 33. Nxf5 Nxf5
34. Qxf5 Rf8 35. Qg5 Qxg5 36. fxg5 Rxf2 37. Rxf2 Ne5 38. Rf5 Kg8 39. Kg3 g6 40.
Rxe5 dxe5 41. d6 Kf8 42. Kf3 b5 43. Ke4 bxc4 44. bxc4 Rb2 45. Bf3 Rf2 46. Ke3
1-0

[Event "33 Open Andorra Hotel St.Gothard "]
[Site "Erts-La Massana"]
[Date "2015.07.25"]
[Round "8.9"]
[White "Rudolf, Anna"]
[Black "Iturrizaga Bonelli, Eduardo"]
[Result "0-1"]
[WhiteElo "2335"]
[BlackElo "2625"]
[PlyCount "88"]
[EventDate "2015.??.??"]

1. e4 c5 2. Nf3 g6 3. d4 Bg7 4. dxc5 Qa5+ 5. c3 Qxc5 6. Na3 Nc6 7. Nb5 Qb6 8.
Bd3 Nf6 9. O-O O-O 10. Qe2 d6 11. h3 a6 12. Be3 Qd8 13. Nbd4 Bd7 14. a4 e5 15.
Nxc6 Bxc6 16. Qc2 Re8 17. a5 d5 18. Bb6 Qe7 19. Nd2 Bh6 20. c4 d4 21. Rfd1 Qb4
22. f3 Nd7 23. c5 Rac8 24. Nb3 Ba4 25. Qc4 Qxc4 26. Bxc4 Nxb6 27. axb6 Bxb3 28.
Bxb3 Rxc5 29. Bd5 Re7 30. Ra3 Bc1 31. Ra2 Be3+ 32. Kf1 Rd7 33. b3 Kf8 34. g3
Ke7 35. Ke2 Kd8 36. f4 exf4 37. gxf4 Rb5 38. Rc2 Rxb6 39. Rf1 f5 40. Kd3 fxe4+
41. Kxe4 Rbd6 42. Bc4 d3 43. Rc3 Bd2 44. Rxd3 Re7+ 0-1

[Event "33 Open Andorra Hotel St.Gothard "]
[Site "Erts-La Massana"]
[Date "2015.07.25"]
[Round "8.11"]
[White "Romero Berruezo, Francisco"]
[Black "Narciso Dublan, Marc"]
[Result "0-1"]
[WhiteElo "2198"]
[BlackElo "2521"]
[PlyCount "112"]
[EventDate "2015.??.??"]

1. e4 c6 2. d4 d5 3. Nc3 dxe4 4. Nxe4 Bf5 5. Ng3 Bg6 6. h4 h6 7. h5 Bh7 8. Nf3
e6 9. Bd3 Bxd3 10. Qxd3 Nf6 11. Bd2 Nbd7 12. O-O-O Be7 13. Ne4 Nxe4 14. Qxe4
Nf6 15. Qe2 Qd5 16. c4 Qe4 17. Qxe4 Nxe4 18. Be3 O-O 19. Kc2 f5 20. Nd2 Nf6 21.
f3 Bd6 22. Nb1 b5 23. c5 Bc7 24. Nc3 Rfe8 25. Bf2 a5 26. Ne2 e5 27. dxe5 Bxe5
28. Nd4 Bxd4 29. Rxd4 Re2+ 30. Rd2 Rae8 31. Kd1 Rxd2+ 32. Kxd2 Re5 33. g3 Kf7
34. Bd4 Rd5 35. Ke3 Nd7 36. f4 Nxc5 37. Bxc5 Rxc5 38. Kd3 Rd5+ 39. Kc3 Rc5+ 40.
Kd3 Rd5+ 41. Kc3 Rd6 42. Kc2 Ke7 43. Rh2 Re6 44. Kd2 Re4 45. Rh1 c5 46. Rf1 Kd6
47. Rf3 c4 48. Ra3 a4 49. b4 Kd5 50. Rf3 Kd4 51. a3 c3+ 52. Rxc3 Re2+ 53. Kxe2
Kxc3 54. Ke3 Kb2 55. Kd2 Kxa3 56. Kc3 Ka2 0-1

[Event "33 Open Andorra Hotel St.Gothard "]
[Site "Erts-La Massana"]
[Date "2015.07.25"]
[Round "8.12"]
[White "Garcia Trobat, Francisco"]
[Black "Pulvett Marin, Daniel"]
[Result "0-1"]
[WhiteElo "2273"]
[BlackElo "2446"]
[PlyCount "56"]
[EventDate "2015.??.??"]

1. Nf3 Nf6 2. c4 e6 3. d4 b6 4. Nc3 Bb4 5. Bd2 Bb7 6. e3 O-O 7. Bd3 d5 8. O-O
Bd6 9. Rc1 a6 10. cxd5 exd5 11. Ne5 c5 12. f4 c4 13. Bb1 b5 14. Rf3 Nbd7 15.
Rh3 g6 16. Qe1 Ne4 17. Nxe4 dxe4 18. Ba5 Qe7 19. Nxd7 Qxd7 20. Qh4 f5 21. g4
fxg4 22. Rg3 Bxf4 23. Be1 Bxg3 24. Bxg3 Rf5 25. b3 Raf8 26. h3 Qf7 27. Bf4 Rxf4
28. exf4 Qxf4 0-1

[Event "33 Open Andorra Hotel St.Gothard "]
[Site "Erts-La Massana"]
[Date "2015.07.25"]
[Round "8.13"]
[White "Mingarro Carceller, Sergi"]
[Black "Bernal Moro, Luis Javier"]
[Result "1-0"]
[WhiteElo "2264"]
[BlackElo "2435"]
[PlyCount "113"]
[EventDate "2015.??.??"]

1. e4 c5 2. Nf3 e6 3. d3 Nc6 4. g3 g6 5. Bg2 Bg7 6. O-O Nge7 7. c3 O-O 8. d4 d5
9. exd5 Nxd5 10. dxc5 Qa5 11. Nbd2 Qxc5 12. Nb3 Qb6 13. Qe2 Qc7 14. Rd1 Bd7 15.
Nc5 Be8 16. Ng5 Qe7 17. Nge4 b6 18. Nb3 Qc7 19. c4 Nde7 20. Bg5 f6 21. Be3 Nf5
22. c5 Nxe3 23. Qxe3 Rb8 24. cxb6 Qxb6 25. Nec5 e5 26. Rd6 Qc7 27. Rxc6 Bxc6
28. Ne6 Qf7 29. Nxf8 Bxg2 30. Kxg2 Bxf8 31. Rc1 a5 32. Qe4 Rb4 33. Qa8 a4 34.
Nc5 Rxb2 35. Ne4 Qb7 36. Qxb7 Rxb7 37. Nxf6+ Kg7 38. Nd5 Kf7 39. Rc7+ Rxc7 40.
Nxc7 Ke7 41. Nb5 Kd7 42. Nc3 a3 43. Kf3 Bc5 44. Ne4 Be7 45. Ke3 Kc6 46. Kd3 Kd5
47. f3 h5 48. Nc3+ Kc5 49. Ke4 Kc4 50. Nb1 Bd6 51. h4 Kb4 52. g4 hxg4 53. fxg4
Be7 54. g5 Bd6 55. Kd5 Bc7 56. h5 gxh5 57. g6 1-0

[Event "33 Open Andorra Hotel St.Gothard "]
[Site "Erts-La Massana"]
[Date "2015.07.25"]
[Round "8.14"]
[White "Loiseau, Quentin"]
[Black "Llaneza Vega, Patricia"]
[Result "1-0"]
[WhiteElo "2429"]
[BlackElo "2262"]
[PlyCount "145"]
[EventDate "2015.??.??"]

1. d4 Nf6 2. c4 g6 3. Nc3 Bg7 4. e4 d6 5. Nf3 O-O 6. h3 e5 7. d5 a5 8. g4 Na6
9. Be3 Nc5 10. Nd2 c6 11. Be2 cxd5 12. cxd5 Ne8 13. h4 f5 14. g5 Bd7 15. h5
Nd3+ 16. Bxd3 f4 17. Bb6 Qxb6 18. h6 Bh8 19. Qb3 Qd4 20. Ne2 Qa7 21. Bb5 a4 22.
Qb4 Qb6 23. Nc3 Ra5 24. Qxa5 Qxa5 25. Bxd7 Nc7 26. Bxa4 b5 27. Bd1 b4 28. Na4
Nb5 29. Rc1 Nd4 30. b3 Qa6 31. Rc4 f3 32. Rh3 Qa7 33. Bxf3 Qf7 34. Rg3 Qf4 35.
Nb6 Qh4 36. Bg2 Qf4 37. Bf3 Qh4 38. Rc8 Qf4 39. Rxf8+ Qxf8 40. Bg4 Qd8 41. Ndc4
Kf8 42. Bh3 Qc7 43. Nc8 Qb7 44. Kf1 Qa6 45. Bg4 Qxa2 46. N4xd6 Qd2 47. Re3 Qc1+
48. Kg2 Qc7 49. Be6 Qc2 50. Bg4 Qc7 51. Rg3 Qc2 52. Be6 Ne2 53. Rf3+ Nf4+ 54.
Kg3 Qc1 55. Kh2 Qd1 56. Bg4 Qf1 57. Bh3 Qd1 58. Bg2 Qc2 59. Nb6 Ke7 60. Nbc4
Qb1 61. Re3 Qd1 62. Rf3 Qb1 63. Nd2 Qd1 64. N6c4 Qe1 65. Bf1 Qd1 66. Bh3 Kd8
67. d6 Qe1 68. Bg4 Qa1 69. d7 Qd4 70. Na5 Qb6 71. Ndc4 Qa6 72. Nd6 Ke7 73. Nab7
1-0

[Event "33 Open Andorra Hotel St.Gothard "]
[Site "Erts-La Massana"]
[Date "2015.07.25"]
[Round "8.15"]
[White "Sanchez Jerez, Emilio Miguel"]
[Black "Jerez Perez, Alfonso"]
[Result "1/2-1/2"]
[WhiteElo "2217"]
[BlackElo "2406"]
[PlyCount "98"]
[EventDate "2015.??.??"]

1. e4 e6 2. f4 d5 3. Nc3 dxe4 4. Nxe4 Nf6 5. Nxf6+ Qxf6 6. Nf3 Qxf4 7. d4 Qd6
8. Bd3 Nc6 9. c3 Be7 10. Qe2 b6 11. Be4 f6 12. Bf4 Qd7 13. O-O-O Bb7 14. d5 Nd8
15. dxe6 Qxe6 16. Bg6+ hxg6 17. Rxd8+ Kf7 18. Qxe6+ Kxe6 19. Re1+ Kf5 20. Rxa8
Bxa8 21. Bxc7 Bxf3 22. gxf3 Bc5 23. Bg3 Rd8 24. Kc2 g5 25. b4 Bf8 26. Re4 b5
27. c4 Bxb4 28. cxb5 Bc5 29. a4 Bb6 30. Rc4 Re8 31. Kb3 Re3+ 32. Kb4 Rxf3 33.
a5 Be3 34. Rc7 Rf1 35. Rxg7 Bd2+ 36. Kc4 Rc1+ 37. Kd5 Bxa5 38. Rxa7 Bb6 39. Rb7
Rc5+ 40. Kd6 Rxb5 41. Kc6 Rb1 42. Rxb6 Rxb6+ 43. Kxb6 Kg4 44. Kc5 f5 45. Be5 f4
46. Kd4 Kf3 47. Kd3 Kg2 48. Ke4 Kxh2 49. Bxf4+ gxf4 1/2-1/2

[Event "33 Open Andorra Hotel St.Gothard "]
[Site "Erts-La Massana"]
[Date "2015.07.25"]
[Round "8.16"]
[White "Orteu Capdevila, Max"]
[Black "Roser, Kevin"]
[Result "0-1"]
[WhiteElo "2136"]
[BlackElo "2403"]
[PlyCount "70"]
[EventDate "2015.??.??"]

1. e4 c5 2. Nf3 Nc6 3. d4 cxd4 4. Nxd4 Nf6 5. Nc3 d6 6. Bg5 e6 7. Qd2 a6 8.
O-O-O Be7 9. f3 Nxd4 10. Qxd4 b5 11. Qd2 Bb7 12. h4 Rc8 13. Kb1 Qc7 14. Bd3 h6
15. Be3 b4 16. Ne2 d5 17. e5 Ne4 18. fxe4 dxe4 19. Nf4 exd3 20. Nxd3 Be4 21.
Bf4 Qc6 22. Rh3 h5 23. Rg3 g6 24. Bg5 Bxg5 25. Rxg5 a5 26. Rg3 O-O 27. Qe2 Rfd8
28. Re3 Bf5 29. Ne1 Qc4 30. Rxd8+ Rxd8 31. b3 Qxh4 32. Kb2 Bg4 33. Nf3 Bxf3 34.
Rxf3 Qd4+ 35. Kb1 Qd1+ 0-1

[Event "33 Open Andorra Hotel St.Gothard "]
[Site "Erts-La Massana"]
[Date "2015.07.25"]
[Round "8.18"]
[White "Berkovich, Mark A"]
[Black "Simon Padros, Emili"]
[Result "1/2-1/2"]
[WhiteElo "2376"]
[BlackElo "2229"]
[PlyCount "100"]
[EventDate "2015.??.??"]

1. Nf3 e6 2. g3 f5 3. Bg2 Nf6 4. O-O d5 5. c4 c6 6. Nc3 Bd6 7. d3 O-O 8. cxd5
exd5 9. e4 Bb4 10. exd5 Bxc3 11. bxc3 Nxd5 12. c4 Nf6 13. Rb1 Na6 14. Be3 h6
15. Qb3 Re8 16. d4 Re7 17. Ne5 Be6 18. Rfd1 Kh7 19. Qa4 Qc8 20. d5 cxd5 21.
cxd5 Bd7 22. Qd4 Ne4 23. Nxd7 Qxd7 24. Rbc1 b6 25. Qd3 Nac5 26. Qc2 Rc8 27. Bf4
g6 28. h4 Ree8 29. Qb2 Qg7 30. Qxg7+ Kxg7 31. d6 Rcd8 32. Rd5 g5 33. hxg5 hxg5
34. Bxe4 Nxe4 35. Be5+ Kf7 36. f3 Nc5 37. Bd4 Ke6 38. Re5+ Kxd6 39. Rxf5 Ne6
40. Be3 Rc8 41. Rd1+ Ke7 42. Re1 Kd6 43. Rf6 Kd5 44. Rd1+ Ke5 45. Rf7 Rf8 46.
Rdd7 Rxf7 47. Rxf7 Rc3 48. f4+ gxf4 49. Bxf4+ Nxf4 50. gxf4+ Ke4 1/2-1/2

[Event "33 Open Andorra Hotel St.Gothard "]
[Site "Erts-La Massana"]
[Date "2015.07.25"]
[Round "8.19"]
[White "Fernandez Lopez, Joan"]
[Black "Sos Andreu, Eric"]
[Result "0-1"]
[WhiteElo "2143"]
[BlackElo "2362"]
[PlyCount "78"]
[EventDate "2015.??.??"]

1. e4 c6 2. Nf3 d5 3. Nc3 Nf6 4. Qe2 d4 5. Nb1 c5 6. d3 Nc6 7. g3 e5 8. Bg2 Be7
9. O-O O-O 10. h3 Ne8 11. Nbd2 Be6 12. Ne1 Qd7 13. Kh2 Nd6 14. f4 f6 15. f5 Bf7
16. g4 g5 17. Rh1 Kg7 18. h4 h6 19. Kg3 b5 20. a4 a6 21. axb5 axb5 22. Rxa8
Rxa8 23. Bf1 Rh8 24. Qh2 Qd8 25. hxg5 hxg5 26. Qxh8+ Qxh8 27. Rxh8 Kxh8 28. b3
Bd8 29. Ba3 Nb7 30. Kf2 Ba5 31. Nef3 Bb4 32. Bxb4 Nxb4 33. Ne1 Na5 34. Ke2 Na2
35. Kd1 Kg7 36. Nef3 Kf8 37. Ne1 Ke7 38. Nef3 Kd6 39. Ne1 Kc6 0-1

[Event "33 Open Andorra Hotel St.Gothard "]
[Site "Erts-La Massana"]
[Date "2015.07.25"]
[Round "8.20"]
[White "Grollemund, Bertrand"]
[Black "Diaz Camallonga, Carles"]
[Result "0-1"]
[WhiteElo "2100"]
[BlackElo "2358"]
[PlyCount "54"]
[EventDate "2015.??.??"]

1. g3 e5 2. Bg2 d5 3. d3 Nf6 4. a3 a5 5. Nc3 Be7 6. Nf3 Nc6 7. O-O O-O 8. e4
Be6 9. d4 exd4 10. exd5 Nxd5 11. Nb5 Nb6 12. Bf4 Nd5 13. Qd2 Nxf4 14. Qxf4 Bc4
15. Nfxd4 Nxd4 16. Nxd4 Bxf1 17. Rxf1 Bf6 18. Nf5 c6 19. Be4 g6 20. Nh6+ Kh8
21. h4 Qe7 22. Kg2 Bg7 23. Re1 f5 24. Bd3 Qxe1 25. h5 Qe5 26. Qh4 Qf6 27. Qh3
Bxh6 0-1

[Event "33 Open Andorra Hotel St.Gothard "]
[Site "Erts-La Massana"]
[Date "2015.07.26"]
[Round "9.1"]
[White "Granda Zuniga, Julio E"]
[Black "Demuth, Adrien"]
[Result "1-0"]
[WhiteElo "2652"]
[BlackElo "2531"]
[PlyCount "43"]
[EventDate "2015.??.??"]

1. b3 e5 2. Bb2 Nc6 3. e3 Nf6 4. Bb5 Bd6 5. Ne2 O-O 6. Na3 e4 7. Nc4 Be7 8.
Bxc6 bxc6 9. d4 Ba6 10. Nd2 d5 11. c4 c5 12. dxc5 Bxc5 13. O-O Bb4 14. Nf4 c6
15. Qc2 Bxd2 16. Qxd2 dxc4 17. Qc3 Qe7 18. Qa5 Bb7 19. bxc4 Rfd8 20. Rab1 Ne8
21. Ba3 Qd7 22. Qb4 1-0

[Event "33 Open Andorra Hotel St.Gothard "]
[Site "Erts-La Massana"]
[Date "2015.07.26"]
[Round "9.2"]
[White "Vovk, Andrey"]
[Black "Abergel, Thal"]
[Result "1-0"]
[WhiteElo "2621"]
[BlackElo "2440"]
[PlyCount "101"]
[EventDate "2015.??.??"]

1. e4 e5 2. Nf3 d6 3. d4 exd4 4. Nxd4 Nf6 5. Nc3 Be7 6. g3 O-O 7. Bg2 Re8 8.
O-O c6 9. h3 a5 10. g4 Bf8 11. Bf4 Na6 12. Qd2 Nc5 13. Rfe1 Qc7 14. Rad1 Nfd7
15. Bg3 Ne5 16. a4 g6 17. b3 f6 18. Kh1 Nf7 19. f4 Bd7 20. Bf1 Rad8 21. Bc4 Bc8
22. Qg2 b6 23. Bh4 Kg7 24. Nf5+ Bxf5 25. gxf5 d5 26. fxg6 hxg6 27. exd5 Qxf4
28. Bg3 Rxe1+ 29. Rxe1 Qd4 30. Ne2 Qd2 31. dxc6 Re8 32. Rf1 Nd6 33. Nf4 Nxc4
34. bxc4 Qxg2+ 35. Kxg2 Rc8 36. c7 Bd6 37. Nd5 Be5 38. Re1 Nd7 39. c5 bxc5 40.
Rb1 Kf7 41. Bxe5 fxe5 42. Kf3 Ke6 43. c4 g5 44. Rb5 Rf8+ 45. Ke2 e4 46. Nb6
Nxb6 47. Rxb6+ Kd7 48. Rb8 Rc8 49. Rxc8 Kxc8 50. Ke3 Kxc7 51. Kxe4 1-0

[Event "33 Open Andorra Hotel St.Gothard "]
[Site "Erts-La Massana"]
[Date "2015.07.26"]
[Round "9.3"]
[White "Kogan, Artur"]
[Black "Riff, Jean-Noel"]
[Result "1/2-1/2"]
[WhiteElo "2526"]
[BlackElo "2502"]
[PlyCount "24"]
[EventDate "2015.??.??"]

1. d4 Nf6 2. c4 e6 3. Nc3 Bb4 4. e3 O-O 5. Bd3 d5 6. Nf3 c5 7. O-O cxd4 8. exd4
dxc4 9. Bxc4 b6 10. Qe2 Bb7 11. Rd1 Nbd7 12. Bf4 Rc8 1/2-1/2

[Event "33 Open Andorra Hotel St.Gothard "]
[Site "Erts-La Massana"]
[Date "2015.07.26"]
[Round "9.4"]
[White "Lagarde, Maxime"]
[Black "Tkachiev, Vladislav"]
[Result "1/2-1/2"]
[WhiteElo "2544"]
[BlackElo "2661"]
[PlyCount "69"]
[EventDate "2015.??.??"]

1. c4 Nf6 2. Nc3 e5 3. Nf3 Nc6 4. d3 g6 5. a3 Bg7 6. e3 d5 7. cxd5 Nxd5 8. Bd2
O-O 9. Be2 Nxc3 10. Bxc3 a5 11. O-O a4 12. Nd2 Be6 13. Nc4 Re8 14. b4 axb3 15.
Qxb3 Nd4 16. Bxd4 exd4 17. e4 Qd7 18. a4 Qc6 19. Rfc1 Bh6 20. Rcb1 Bxc4 21.
dxc4 Ra7 22. Bf3 Bd2 23. Qd3 Bc3 24. Ra2 Re5 25. Rb5 Qe6 26. Bg4 Qe8 27. Rxe5
Qxe5 28. g3 c6 29. Kg2 b5 30. cxb5 cxb5 31. Bd1 Ra5 32. Bb3 bxa4 33. Rxa4 Rxa4
34. Bxa4 Kg7 35. Bb3 1/2-1/2

[Event "33 Open Andorra Hotel St.Gothard "]
[Site "Erts-La Massana"]
[Date "2015.07.26"]
[Round "9.6"]
[White "Iturrizaga Bonelli, Eduardo"]
[Black "Antoli Royo, Joaquin Miguel"]
[Result "1-0"]
[WhiteElo "2625"]
[BlackElo "2430"]
[PlyCount "69"]
[EventDate "2015.??.??"]

1. Nf3 c5 2. c4 Nc6 3. d4 cxd4 4. Nxd4 Qb6 5. Nc2 e6 6. Nc3 Nf6 7. e3 Be7 8.
Be2 O-O 9. O-O a6 10. e4 d6 11. Be3 Qc7 12. f4 b6 13. Rc1 Bb7 14. b4 Rac8 15.
Bd3 Nb8 16. Nd4 Nc6 17. Nd5 Qd8 18. Nxc6 Rxc6 19. Nxe7+ Qxe7 20. e5 dxe5 21.
fxe5 Nd7 22. Be4 Nxe5 23. Bxc6 Bxc6 24. Qd4 Nd7 25. a3 e5 26. Qd3 Qe6 27. Rfd1
Qg4 28. Rd2 b5 29. cxb5 Bxb5 30. Qd5 Re8 31. Rc7 Qf5 32. h3 Rd8 33. a4 Bxa4 34.
Qa5 Qe4 35. Rc3 1-0

[Event "33 Open Andorra Hotel St.Gothard "]
[Site "Erts-La Massana"]
[Date "2015.07.26"]
[Round "9.7"]
[White "Narciso Dublan, Marc"]
[Black "Vazquez Igarza, Renier"]
[Result "1/2-1/2"]
[WhiteElo "2521"]
[BlackElo "2581"]
[PlyCount "56"]
[EventDate "2015.??.??"]

1. d4 Nf6 2. c4 e6 3. Nf3 d5 4. Nc3 c6 5. Bg5 Nbd7 6. e3 Qa5 7. cxd5 Nxd5 8.
Qd2 Bb4 9. Rc1 h6 10. Bh4 b6 11. a3 Bxc3 12. bxc3 c5 13. Bd3 O-O 14. c4 Qxd2+
15. Nxd2 N5f6 16. O-O Bb7 17. Rc3 Rac8 18. Rfc1 Rfe8 19. f3 Bc6 20. g4 Red8 21.
Kf1 Ba4 22. Ne4 Nxe4 23. Bxe4 cxd4 24. exd4 Nf6 25. Bf2 Nxe4 26. fxe4 f6 27.
Ke2 Bd7 28. h3 Kf7 1/2-1/2

[Event "33 Open Andorra Hotel St.Gothard "]
[Site "Erts-La Massana"]
[Date "2015.07.26"]
[Round "9.8"]
[White "Sos Andreu, Eric"]
[Black "Arizmendi Martinez, Julen Luis"]
[Result "0-1"]
[WhiteElo "2362"]
[BlackElo "2529"]
[PlyCount "42"]
[EventDate "2015.??.??"]

1. Nf3 Nf6 2. c4 e6 3. g3 d5 4. d4 Bb4+ 5. Bd2 Be7 6. Bg2 c6 7. Qc2 Nbd7 8. O-O
O-O 9. Bf4 b6 10. Rd1 Ba6 11. Ne5 Rc8 12. Qa4 Nb8 13. cxd5 cxd5 14. Nc3 b5 15.
Nxb5 Qb6 16. Nc3 Qxb2 17. Bd2 Rxc3 18. Bxc3 Qxc3 19. Rac1 Qb4 20. Qxb4 Bxb4 21.
e3 Be2 0-1

[Event "33 Open Andorra Hotel St.Gothard "]
[Site "Erts-La Massana"]
[Date "2015.07.26"]
[Round "9.9"]
[White "Diaz Camallonga, Carles"]
[Black "Asis Gargatagli, Hipolito"]
[Result "1/2-1/2"]
[WhiteElo "2358"]
[BlackElo "2472"]
[PlyCount "79"]
[EventDate "2015.??.??"]

1. e4 c5 2. Nf3 d6 3. Bb5+ Nd7 4. O-O a6 5. Bd3 Ngf6 6. c3 b5 7. Bc2 Bb7 8. d3
e6 9. Re1 Rc8 10. Nbd2 Qc7 11. a4 Be7 12. Nf1 O-O 13. Ng3 Rfd8 14. Qe2 Ne5 15.
h3 Nfd7 16. Nh2 d5 17. f4 Ng6 18. Nh5 dxe4 19. dxe4 c4 20. Ng4 Qc5+ 21. Nf2 Nf6
22. Nxf6+ Bxf6 23. Be3 Qc6 24. Ng4 Be7 25. Qf2 Bh4 26. g3 Be7 27. Bd4 f6 28. f5
Ne5 29. axb5 axb5 30. Rad1 b4 31. Nxe5 fxe5 32. Bxe5 b3 33. Bb1 exf5 34. Qxf5
Rf8 35. Qg4 Rf7 36. Bd4 Rcf8 37. Rf1 Bc8 38. Qh5 g6 39. Rxf7 Rxf7 40. Qd5
1/2-1/2

[Event "33 Open Andorra Hotel St.Gothard "]
[Site "Erts-La Massana"]
[Date "2015.07.26"]
[Round "9.10"]
[White "Congiu, Mathilde"]
[Black "Aloma Vidal, Robert"]
[Result "0-1"]
[WhiteElo "2303"]
[BlackElo "2451"]
[PlyCount "112"]
[EventDate "2015.??.??"]

1. e4 c5 2. Nf3 e6 3. d4 cxd4 4. Nxd4 a6 5. Bd3 Nf6 6. O-O e5 7. Nf3 d6 8. c4
Be7 9. Nc3 O-O 10. h3 Be6 11. Re1 Nc6 12. Nd5 Nd7 13. Nxe7+ Qxe7 14. Nh2 Nc5
15. Nf1 Nb4 16. Bb1 Bxc4 17. Ne3 Be6 18. Nd5 Bxd5 19. exd5 a5 20. a3 Nba6 21.
Bc2 Qh4 22. Be3 f5 23. b4 axb4 24. axb4 Qxb4 25. Qh5 g6 26. Qg5 Qb6 27. g4 e4
28. gxf5 Rxf5 29. Qg2 Qc7 30. Bxc5 Qxc5 31. Bxe4 Rf6 32. Re3 Raf8 33. Bf3 Nb4
34. Raa3 Nc2 35. Rec3 Qxa3 36. Rxa3 Nxa3 37. Bg4 Nc4 38. Qe4 b5 39. Be2 Ne5 40.
Qb4 Rxf2 41. Qxb5 h5 42. Qa6 h4 43. Qb5 Nf3+ 44. Bxf3 R2xf3 45. Qe2 Rf1+ 46.
Kg2 R1f2+ 47. Qxf2 Rxf2+ 48. Kxf2 Kf7 49. Ke3 Kf6 50. Kf4 g5+ 51. Ke4 Kg6 52.
Ke3 Kf5 53. Kf3 Ke5 54. Kg4 Kf6 55. Kh5 Kf5 56. Kh6 g4 0-1

[Event "33 Open Andorra Hotel St.Gothard "]
[Site "Erts-La Massana"]
[Date "2015.07.26"]
[Round "9.11"]
[White "Pulvett Marin, Daniel"]
[Black "Mingarro Carceller, Sergi"]
[Result "1-0"]
[WhiteElo "2446"]
[BlackElo "2264"]
[PlyCount "65"]
[EventDate "2015.??.??"]

1. d4 f5 2. g3 Nf6 3. Bg2 g6 4. c3 Bg7 5. h4 Nc6 6. Nh3 d6 7. d5 Ne5 8. Nf4 c6
9. h5 Qb6 10. h6 Bf8 11. Qd4 c5 12. Qa4+ Bd7 13. Qc2 Nfg4 14. e4 c4 15. Kf1
fxe4 16. Bxe4 O-O-O 17. Na3 Bxh6 18. f3 Rdf8 19. fxg4 Nxg4 20. Kg2 g5 21. Nh3
Rf6 22. Nxc4 Qc5 23. Qe2 Rhf8 24. Ne3 Ne5 25. g4 Bb5 26. Qd1 Rf4 27. Nxf4 gxf4
28. Nf5 f3+ 29. Bxf3 Bxc1 30. Rxc1 Nd3 31. Qe2 e6 32. c4 Bxc4 33. Qxe6+ 1-0

[Event "33 Open Andorra Hotel St.Gothard "]
[Site "Erts-La Massana"]
[Date "2015.07.26"]
[Round "9.12"]
[White "Jolly, Jean-Francois"]
[Black "Loiseau, Quentin"]
[Result "1/2-1/2"]
[WhiteElo "2345"]
[BlackElo "2429"]
[PlyCount "66"]
[EventDate "2015.??.??"]

1. e4 c5 2. Nf3 e6 3. d4 cxd4 4. Nxd4 a6 5. Bd3 Bc5 6. Nb3 Ba7 7. Qg4 Nf6 8.
Qg3 d6 9. Nc3 Nc6 10. Bg5 h6 11. Bd2 h5 12. Bg5 h4 13. Bxh4 Nh5 14. Qg5 f6 15.
Qd2 g5 16. g4 Ne5 17. Be2 Nf4 18. Bg3 Ng2+ 19. Kf1 Nh4 20. Rd1 Ke7 21. Nd4 Kf7
22. f4 gxf4 23. Qxf4 Nhg6 24. Qd2 b5 25. a3 Rh3 26. Nf3 Qh8 27. Nxe5+ dxe5 28.
Qd8 Qxd8 29. Rxd8 Bd4 30. Nd1 Ke7 31. Rg8 Kf7 32. Rd8 Ke7 33. Rg8 Kf7 1/2-1/2

[Event "33 Open Andorra Hotel St.Gothard "]
[Site "Erts-La Massana"]
[Date "2015.07.26"]
[Round "9.13"]
[White "Roser, Kevin"]
[Black "Trepat Herranz, Joan"]
[Result "1/2-1/2"]
[WhiteElo "2403"]
[BlackElo "2351"]
[PlyCount "26"]
[EventDate "2015.??.??"]

1. e4 e5 2. Nf3 Nc6 3. Bb5 Nf6 4. O-O Nxe4 5. d4 Nd6 6. Bxc6 dxc6 7. dxe5 Nf5
8. Qxd8+ Kxd8 9. h3 h6 10. Rd1+ Ke8 11. Nc3 Ne7 12. b3 Ng6 13. Bb2 Be7 1/2-1/2